00435 2200169 4500001002100000005001500021035002000036245004800056100002100104250001700125300003200142260003200174082001000206084001600216020002200232650001100254INLIS00000000000042620240629123942 a0010-06240001351 aMemilih Sahabat Favorit /cRahmat Margajaya0 aRahmat Margajaya acetakan ke-1 aiv, 36 hlm :bilus ;c21 cm a2007 :bGaneca Exact,c2007 a302.3 a302.3 RAH m a978-979-571-495-8 4aSosial